Conceptos y prácticas en geografía humana

Este libro tiene por objetivo principal presentar los conceptos y términos que forman parte del acerbo de conocimientos específicos de la Geografía Humana. Para facilitar el estudio de estos conceptos, se ha decidido presentarlos no de manera alfabética en su solo bloque, sino agrupados por grandes...

Full description

Bibliographic Details
Main Author: Zárate Martín, Manuel Antonio
Other Authors: Rubio Benito, María Teresa
Format: Libro
Language:Spanish
Published: Madrid : Centro de Estudios Ramón Areces, 2010.
Edition:1a. ed.
Subjects:
Online Access:

MARC

LEADER 00000nam a22000007a 4500
003 UAHC
005 20190731064449.0
008 180406s2010 sp 00| 0 spa d
952 |0 0  |1 0  |2 ddc  |4 0  |6 304_200000000000000_ZARG  |7 0  |8 BAS  |9 89688  |a BC  |b BC  |c General  |d 2018-04-06  |e Compra  |g 39514.00  |l 0  |o 304.2 ZARG  |p 1450239  |r 2026-01-13 00:00:00  |t c.1  |v 39514.00  |w 2018-04-06  |x OC: 2080 / Factura: 131535  |y BK  |A 46  |B GEO  |C 36 
999 |c 49721  |d 49721 
020 |a 9788480049863 
035 |a CENTRAL 
040 |a UAHC  |c UAHC  |d UAHC 
082 |2 20  |a 304.2  |b Z36 
100 |a Zárate Martín, Manuel Antonio  |9 1565 
245 |a Conceptos y prácticas en geografía humana  |c Manuel Antonio Zárate Martín, María Teresa Rubio Benito. 
250 |a 1a. ed.  |b 1a. reimp. 
260 |a Madrid :  |b Centro de Estudios Ramón Areces,  |c 2010. 
300 |a 553 p. 
520 |a Este libro tiene por objetivo principal presentar los conceptos y términos que forman parte del acerbo de conocimientos específicos de la Geografía Humana. Para facilitar el estudio de estos conceptos, se ha decidido presentarlos no de manera alfabética en su solo bloque, sino agrupados por grandes temas, concretamente en nueve, que corresponden a los capítulos del libro Geografía Humana. Economía, sociedad y Territorio, de los mismos autores y editados por esta editorial.  
650 0 |9 528  |a Geografía humana 
700 |9 2811  |a Rubio Benito, María Teresa 
942 |2 ddc  |c BK